[Event "Baden-ch Seniors"]
[Site "Haslach im Kinzigtal"]
[Date "2010.06.05"]
[Round "9"]
[White "Maczollek, Helmut"]
[Black "Jaeckle, Juergen"]
[Result "1/2-1/2"]
[WhiteElo "1669"]
[BlackElo "1261"]
[PlyCount "70"]
[EventDate "2010.05.29"]
[EventType "swiss"]
[EventRounds "9"]
[EventCountry "GER"]
[SourceTitle "EXT 2011"]
[Source "ChessBase"]
[SourceDate "2010.11.26"]
[SourceVersion "1"]
[SourceVersionDate "2010.11.26"]
[SourceQuality "1"]

1. d4 Nf6 2. Nf3 e6 3. e3 d5 4. Bd3 Nbd7 5. 0-0 Bd6 6. Nbd2 0-0 7. Re1 c5 8. c3 Re8 9. e4 dxe4 10. Nxe4 Nxe4 11. Bxe4 Nf6 12. Bc2 b6 13. Bg5 h6 14. Be3 Bb7 15. Ne5 cxd4 16. Bxd4 Qc7 17. f4 Rad8 18. Qe2 Nd5 19. Qg4 Nf6 20. Qe2 Rc8 21. Rad1 Red8 22. Rf1 Bc5 23. Bf2 Be7 24. Kh1 Bd5 25. a3 Qb7 26. Bd4 b5 27. Bd3 a6 28. Ng4 Bxg2+ 29. Qxg2 Qxg2+ 30. Kxg2 Nxg4 31. Kh3 Nf6 32. f5 exf5 33. Rxf5 Nd5 34. Rf3 Bg5 35. Rdf1 Bf6 1/2-1/2

[Event "Baden-ch Seniors"]
[Site "Haslach im Kinzigtal"]
[Date "2010.06.01"]
[Round "4"]
[White "Itting, Paul"]
[Black "Jaeckle, Juergen"]
[Result "1/2-1/2"]
[WhiteElo "1204"]
[BlackElo "1261"]
[PlyCount "51"]
[EventDate "2010.05.29"]
[EventType "swiss"]
[EventRounds "9"]
[EventCountry "GER"]
[SourceTitle "EXT 2011"]
[Source "ChessBase"]
[SourceDate "2010.11.26"]
[SourceVersion "1"]
[SourceVersionDate "2010.11.26"]
[SourceQuality "1"]

1. d4 e6 2. c4 Nf6 3. Bg5 b6 4. a3 Bb7 5. Nc3 Be7 6. Nf3 0-0 7. e3 a5 8. Bd3 d6 9. 0-0 Nbd7 10. e4 Re8 11. h3 g6 12. Bh6 c5 13. Qd2 cxd4 14. Nxd4 Ne5 15. f4 Ned7 16. Rf3 Bf8 17. Bxf8 Rxf8 18. Re1 Nh5 19. Qf2 Nc5 20. g4 Ng7 21. Qg3 Nxd3 22. Rxd3 Rc8 23. b3 Qe7 24. Ncb5 Ba8 25. Rc3 Qd8 26. h4 1/2-1/2

[Event "Baden-ch Seniors"]
[Site "Haslach im Kinzigtal"]
[Date "2010.05.30"]
[Round "2"]
[White "Jaeckle, Juergen"]
[Black "Papa, Heiner"]
[Result "0-1"]
[WhiteElo "1261"]
[BlackElo "1872"]
[PlyCount "108"]
[EventDate "2010.05.29"]
[EventType "swiss"]
[EventRounds "9"]
[EventCountry "GER"]
[SourceTitle "EXT 2011"]
[Source "ChessBase"]
[SourceDate "2010.11.26"]
[SourceVersion "1"]
[SourceVersionDate "2010.11.26"]
[SourceQuality "1"]

1. Nf3 d6 2. d4 Nf6 3. c4 g6 4. Nc3 Bg7 5. Bg5 0-0 6. Bxf6 Bxf6 7. e3 Nc6 8. Be2 e5 9. dxe5 dxe5 10. 0-0 Bg7 11. Nd5 Ne7 12. Nxe7+ Qxe7 13. Qc2 Be6 14. Rad1 Rfd8 15. b3 b6 16. h3 a5 17. Rd2 Rxd2 18. Nxd2 f5 19. Nf3 c5 20. Nh2 e4 21. Rd1 Be5 22. f3 Bxh2+ 23. Kxh2 exf3 24. Bxf3 Qc7+ 25. Kh1 Re8 26. Qd2 Kf7 27. e4 Re7 28. Qh6 Qe5 29. Qxh7+ Qg7 30. Qxg7+ Kxg7 31. exf5 Bxf5 32. Kh2 Bc2 33. Rd2 Bb1 34. Rb2 Be4 35. Re2 Bxf3 36. Rxe7+ Kf6 37. Re8 Bc6 38. Re2 Kf5 39. Kg3 a4 40. Kf2 a3 41. g3 Be4 42. Ke3 Bb1 43. Rf2+ Ke5 44. h4 Bf5 45. Rf4 Bb1 46. Rf2 Bf5 47. Rg2 Bh3 48. g4 Bxg2 49. h5 gxh5 50. gxh5 Be4 51. h6 Bb1 52. h7 Bxh7 53. Kd2 Kd4 54. Kc1 Kc3 0-1